J K Soonavala Supreme Court on Service Law (1950-2021)/ (Record no. 200291)
[ view plain ]
| 000 -LEADER | |
|---|---|
| fixed length control field | 00800nam a22002177a 4500 |
| 005 - DATE AND TIME OF LATEST TRANSACTION | |
| control field | 20240119132532.0 |
| 010 ## - LCCN (DPL NO) | |
| LC control number | ENG-138962-63 |
| 020 ## - INTERNATIONAL STANDARD BOOK NUMBER | |
| Terms of availability | 4995.00 (set of 2 vols.) |
| International Standard Book Number | 9789391211707 |
| 035 ## - SYSTEM CONTROL NUMBER | |
| System control number | EN-122494-95 |
| 037 ## - SOURCE OF ACQUISITION | |
| Source of stock number/acquisition | DBAD/PUB |
| 082 ## - DEWEY DECIMAL CLASSIFICATION NUMBER | |
| Classification number | 342.54068 |
| Edition number | 5 |
| 100 ## - MAIN ENTRY--PERSONAL NAME | |
| Personal name | Singhal, M L |
| 245 ## - TITLE STATEMENT | |
| Title | J K Soonavala Supreme Court on Service Law (1950-2021)/ |
| Remainder of title | By M L Singhal |
| 250 ## - EDITION STATEMENT | |
| Edition statement | 5th ed |
| 260 ## - PUBLICATION, DISTRIBUTION, ETC. (IMPRINT) | |
| Place of publication, distribution, etc | Gurgoan |
| Name of publisher, distributor, etc | LexisNexis |
| Date of publication, distribution, etc | 2024 |
| 270 ## - ADDRESS | |
| City | Gurgoan |
| Postal code | 122002 |
| Address | 14th Floor, Building No. 10, Tower-B, DLF Cyber City, Phase-II |
| 300 ## - PHYSICAL DESCRIPTION | |
| Extent | cclxviii,2876p. |
| Dimensions | 26cm(Hb) |
| Other physical details | index |
| 490 ## - SERIES STATEMENT | |
| Volume number/sequential designation | vol 1,vol 2 |
| 505 ## - FORMATTED CONTENTS NOTE | |
| Formatted contents note | Vol 1 (Abandonment of Service to Overtime Allowance).<br/>Vol 2 ('Panel' to Writ Petiton & Appendices).<br/> |
| 942 ## - ADDED ENTRY ELEMENTS (KOHA) | |
| Source of classification or shelving scheme | Dewey Decimal Classification |
| Item type | English Books |
| Classification part | 342.54068 |
| Call number suffix | SIN |
| Edition | 5 |
| Withdrawn status | Lost status | Materials specified (bound volume or other part) | Not for loan | Collection code | Home library | Current library | Date acquired | Source of acquisition | Cost, normal purchase price | Full call number | Barcode | Copy number | Cost, replacement price | Koha item type |
|---|---|---|---|---|---|---|---|---|---|---|---|---|---|---|
| VOL-1 | Not For Loan | Reference | Ashok Vihar | Ashok Vihar | 19/01/2024 | DBAD/PUB | 2497.50 | 342.54068 SIN | EN-122494 | 1 | 2497.50 | English Books | ||
| VOL 2 | Not For Loan | Reference | Ashok Vihar | Ashok Vihar | 19/01/2024 | DBAD/PUB | 2497.50 | 342.54068 SIN | EN-122495 | 1 | 2497.50 | English Books |
